000 01162cam a2200253 4500
001 WB3816-13
008 020429n2002 000 0 eng u
035 _a(Sirsi) u117744
245 _aEarly warning on climate change
260 _c2002
490 _aDEFRA News Release
_v(165/02) 26 April 2002, (4)
520 _aA new report on climate change scenarios by the UK Climate Impacts Programme (UKCIP) warns that climate change will be earlier and more pronounced than previously thought with some changes already irreversible. The report supersedes the 1998 climate scenarios and looks ahead into the 2080s, predicting warmer summers, wetter winters and rising sea-levels for the UK. "UKCIP02 Climate change scenarios" available from http://www.ukcip.org.uk/climate_scen/main_climate_scen.htm. http://www.defra.gov.uk/news/2002/020426a.htm
590 _aWB
650 _aCLIMATE CHANGE
650 _aWEATHER
650 _aTEMPERATURE
650 _aSEA LEVEL
650 _aFLOODING
650 _aRAINFALL
650 _aGLOBAL WARMING
650 _aUK CLIMATE IMPACTS PROGRAMME
690 _aENVIRONMENTAL AND LAND CONSULTANCY
942 _n0
999 _c70109
_d70109